|
|
|
|
| LEADER |
00000nam a22000007a 4500 |
| 005 |
20210617221645.0 |
| 007 |
cr|||| ||| |
| 008 |
210617s2021 co |||||s|||| 00||0 spa d |
| 020 |
|
|
|a 978-958-760-291-3
|
| 035 |
|
|
|a 33526
|
| 040 |
|
|
|a vLex
|
| 090 |
|
|
|c 11807
|d 11807
|
| 100 |
1 |
|
|a Vieira Posada, Edgar
|
| 245 |
1 |
2 |
|a La covid-19 y la integracin̤ ante los desafo̕s de un nuevo orden mundial
|h [Recurso electrn̤ico] /
|c Edgar Vieira Posada, Fľix Peą
|
| 256 |
|
|
|a Servicio en ln̕ea
|
| 260 |
|
|
|a Medelln̕:
|b Universidad Cooperativa de Colombia,
|c 2021
|
| 300 |
|
|
|a 1 recurso electrn̤ico
|
| 500 |
|
|
|a Cuando pase la pandemia y sobrevenga la pospandemia, habr ̀que enfrentar los profundos cambios en el sistema internacional que conducirǹ hacia un nuevo orden mundial. Dichos cambios cubren diversos frentes: el econm̤ico, el geopolt̕ico, el social o el ambiental, y un instrumento como la integracin̤ se debe preparar para atender de manera cooperativa, solidaria y consensuada tales retos. En el m̀bito econm̤ico, se produce una revalorizacin̤ de la actuacin̤ de los Estados mediante polt̕icas pb︢licas orientadas inicialmente de manera prioritaria hacia la salud, pero que derivarǹ hacia otros temas de polt̕ica social en materia de empleo y reactivacin̤ econm̤ica. As ̕se consolidarǹ nuevas formas de encadenamientos productivos y de establecimiento de polt̕icas pb︢licas orientadas a priorizar medidas correspondientes a un Estado de bienestar, donde los objetivos de desarrollo sostenible adquieren prioridad, as ̕como todas las polt̕icas relacionadas con las problemt̀icas medioambientales. Estas medidas estarǹ acompaądas de una revalorizacin̤ del manejo multilateral mediante reformas institucionales y acuerdos globales, influenciados a la vez por una gran disputa del liderazgo mundial entre los Estados Unidos y China, pero en un contexto de regionalizacin̤ con diferentes r̀eas del planeta ejerciendo algn︢ papel protagn̤ico, como Asia Oriental y Medio Oriente. Los pas̕es de Amřica Latina poco lograrǹ de manera individual y desorganizada, por lo cual un reto en la pospandemia es reactivar sus procesos de integracin̤ para atender las enormes necesidades y requerimientos del mejor modo posible. Todas estas y otras reflexiones ms̀ se ren︢en en los siete capt̕ulos de este sexto tomo de la coleccin̤ Gridale sobre pandemia e integracin̤ regional.
|
| 506 |
1 |
|
|a Disponible solo en los productos indicados
|d vLex Global
|d vLex Global (Academic Edition, excluding Law Schools)
|d vLex Global (U.S. Academic Edition, Law Schools)
|d vLex Global (U.S. Academic Edition, excluding Law Schools)
|d vLex Global (Academic Edition, Law Schools)
|
| 650 |
0 |
4 |
|a Derecho Internacional
|z Colombia
|
| 700 |
1 |
|
|a Peą, Fľix
|
| 740 |
0 |
|
|a vLex Libros (Servicio en ln̕ea)
|
| 856 |
4 |
0 |
|u https://vlex.com/source/covid-19-y-la-integracion-ante-los-desafios-de-un-nuevo-orden-mundial-33526
|z Acceso restringido
|
| 942 |
|
|
|c BOOK
|
| 999 |
0 |
|
|a International right
|